[Event "Sao Paulo Carnaval op"]
[Site "Sao Paulo"]
[Date "2019.03.02"]
[Round "2"]
[White "Silva, Fabio Alcantara Mar"]
[Black "Moura, Eduardo Henrique B"]
[Result "0-1"]
[WhiteElo "1835"]
[BlackElo "2130"]
[PlyCount "169"]
[EventDate "2019.03.02"]
[EventType "swiss"]
[EventRounds "7"]
[EventCountry "BRA"]
[SourceTitle "EXT 2020"]
[Source "ChessBase"]
[SourceDate "2019.10.17"]
[SourceVersion "1"]
[SourceVersionDate "2019.10.17"]
[SourceQuality "1"]

1. Nf3 c5 2. b3 d5 3. e3 Nf6 4. Bb2 e6 5. Bb5+ Bd7 6. Qe2 a6 7. Bxd7+ Nbxd7 8. 0-0 Be7 9. d3 0-0 10. Nbd2 Re8 11. a4 Bf8 12. e4 e5 13. Rfd1 g6 14. a5 d4 15. Nc4 Bh6 16. Ra4 Qc7 17. Bc1 Bxc1 18. Rxc1 Re7 19. Qd2 Ne8 20. Qh6 Nd6 21. Nfd2 Nxc4 22. Nxc4 Rf8 23. Qd2 f5 24. Qg5 Ref7 25. f3 Kg7 26. exf5 Rxf5 27. Qe7+ R5f7 28. Qd6 Qxd6 29. Nxd6 Rf6 30. Ne4 Rc6 31. Rc4 Rfc8 32. Ra4 Nf6 33. Nxf6 Kxf6 34. Re1 Re6 35. Re4 Ke7 36. Rh4 Rh8 37. Kf2 Kd6 38. Rc4 Re7 39. Ke2 Rc8 40. Re4 Rcc7 41. Kd2 Kd5 42. Kc1 Rf7 43. Kd2 Rf4 44. Re1 Rff7 45. Rb1 Rc6 46. b4 cxb4 47. Rxc6 Kxc6 48. Rxb4 Rd7 49. c4 dxc3+ 50. Kxc3 Rd5 51. Rc4+ Kd6 52. Rb4 Rxa5 53. Rxb7 Ra2 54. d4 Rxg2 55. Rxh7 a5 56. dxe5+ Kxe5 57. Rh4 Rf2 58. Re4+ Kf5 59. Ra4 Rxf3+ 60. Kd2 Rf2+ 61. Ke3 Rxh2 62. Rxa5+ Kg4 63. Ra4+ Kh5 64. Ra8 Rb2 65. Kf3 Rb3+ 66. Kf2 g5 67. Ra5 Kh4 68. Ra8 Rc3 69. Rg8 Kg4 70. Ra8 Rb3 71. Rg8 Ra3 72. Ke2 Kf4 73. Rf8+ Kg3 74. Rf1 Ra2+ 75. Ke3 Kg2 76. Rb1 g4 77. Rb8 g3 78. Rc8 Ra6 79. Rg8 Re6+ 80. Kf4 Rf6+ 81. Kg4 Kf2 82. Ra8 g2 83. Ra2+ Kg1 84. Kg3 Rg6+ 85. Kh3 0-1

[Event "Hebraica op 26th"]
[Site "Hebraica"]
[Date "2019.01.12"]
[Round "3"]
[White "Silva, Fabio Alcantara Mar"]
[Black "Poeta, Caio Medeiros"]
[Result "0-1"]
[WhiteElo "1828"]
[BlackElo "2110"]
[PlyCount "46"]
[EventDate "2019.01.11"]
[EventType "swiss"]
[EventRounds "6"]
[EventCountry "BRA"]
[SourceTitle "EXT 2020"]
[Source "ChessBase"]
[SourceDate "2019.10.17"]
[SourceVersion "1"]
[SourceVersionDate "2019.10.17"]
[SourceQuality "1"]

1. Nf3 g6 2. d4 Bg7 3. e3 d5 4. Nbd2 Nf6 5. Bd3 c5 6. c3 Nbd7 7. 0-0 0-0 8. Re1 Re8 9. Bb5 a6 10. Bxd7 Nxd7 11. e4 cxd4 12. cxd4 dxe4 13. Nxe4 Nf6 14. Nxf6+ Bxf6 15. Ne5 Be6 16. Bf4 Rc8 17. Re3 Qb6 18. d5 Red8 19. Rb3 Qa5 20. Qe2 Rxd5 21. Nc4 Rxc4 22. Qxc4 Rd1+ 23. Rxd1 Bxc4 0-1

[Event "Sao Paulo STD U2200 op 4th"]
[Site "Sao Paulo"]
[Date "2018.12.09"]
[Round "5"]
[White "Silva, Fabio Alcantara Mar"]
[Black "Maraz, Ricardo"]
[Result "1-0"]
[WhiteElo "1827"]
[BlackElo "1624"]
[PlyCount "45"]
[EventDate "2018.12.07"]
[EventType "swiss"]
[EventRounds "6"]
[EventCountry "BRA"]
[SourceTitle "EXT 2021"]
[Source "ChessBase"]
[SourceDate "2020.10.23"]
[SourceVersion "1"]
[SourceVersionDate "2020.10.23"]
[SourceQuality "1"]

1. Nf3 e6 2. b3 Nf6 3. Bb2 d5 4. e3 Bd6 5. d4 0-0 6. Bd3 c5 7. Nbd2 Nbd7 8. 0-0 Qc7 9. c4 cxd4 10. exd4 dxc4 11. Nxc4 Bf4 12. Nfe5 b6 13. Qf3 Nd5 14. Ba3 Rd8 15. Bxh7+ Kxh7 16. Bd6 Qb7 17. Qh5+ Bh6 18. Nxf7 Rg8 19. Nce5 Nxe5 20. Ng5+ Kh8 21. Bxe5 Nf6 22. Bxf6 Qd5 23. Qxh6# 1-0

[Event "Sao Paulo STD U2200 op 4th"]
[Site "Sao Paulo"]
[Date "2018.12.08"]
[Round "3"]
[White "Silva, Fabio Alcantara Mar"]
[Black "Miranda, Raul"]
[Result "0-1"]
[WhiteElo "1827"]
[BlackElo "1551"]
[PlyCount "58"]
[EventDate "2018.12.07"]
[EventType "swiss"]
[EventRounds "6"]
[EventCountry "BRA"]
[SourceTitle "EXT 2021"]
[Source "ChessBase"]
[SourceDate "2020.10.23"]
[SourceVersion "1"]
[SourceVersionDate "2020.10.23"]
[SourceQuality "1"]

1. Nf3 Nf6 2. b3 d6 3. d4 Bg4 4. Bb2 Bxf3 5. exf3 Nbd7 6. Bd3 d5 7. 0-0 e6 8. f4 Be7 9. Nd2 0-0 10. Qf3 c6 11. Rfe1 Re8 12. Qh3 Nf8 13. Nf3 Ng6 14. Ng5 Nf8 15. Re3 h6 16. Nxf7 Kxf7 17. Rg3 Bd6 18. Re1 Bxf4 19. Rf3 Bg5 20. Ba3 Kg8 21. Bxf8 Rxf8 22. Re5 Ne4 23. Qxe6+ Kh8 24. Qg6 Rf6 25. Rxf6 Bxf6 26. Rh5 Bxd4 27. Rf5 Qe8 28. Rf7 Bxf2+ 29. Rxf2 Qxg6 0-1

[Event "BRA-ch Amateur U2200"]
[Site "Sao Paulo"]
[Date "2017.10.15"]
[Round "7"]
[White "Silva, Fabio Alcantara Mar"]
[Black "Simao Vasconcellos, Pedro Augusto"]
[Result "1/2-1/2"]
[WhiteElo "1800"]
[BlackElo "1741"]
[PlyCount "107"]
[EventDate "2017.10.12"]
[EventType "swiss"]
[EventRounds "7"]
[EventCountry "BRA"]
[SourceTitle "EXT 2019"]
[Source "ChessBase"]
[SourceDate "2018.10.10"]
[SourceVersion "1"]
[SourceVersionDate "2018.10.10"]
[SourceQuality "1"]

1. Nf3 Nf6 2. b3 g6 3. Bb2 Bg7 4. e3 c5 5. d4 cxd4 6. exd4 d5 7. Bb5+ Bd7 8. Qe2 0-0 9. 0-0 a6 10. Bxd7 Qxd7 11. c4 Nc6 12. Rd1 Rfd8 13. Nc3 Rac8 14. Ne5 Qe8 15. Rac1 dxc4 16. Nxc6 Rxc6 17. bxc4 e6 18. Ne4 Nxe4 19. Qxe4 Qd7 20. Rc2 Qc8 21. Rdc1 Qd7 22. Rd1 Rdc8 23. Qd3 Qc7 24. c5 Rd8 25. Qb3 Rd5 26. Rc4 Qd7 27. Bc3 Bf8 28. Rb1 e5 29. Rb4 exd4 30. Rxb7 Qf5 31. Bd2 Rdxc5 32. Re1 Rc2 33. Rb8 Rxd2 34. Rxf8+ Kxf8 35. Qb4+ Kg7 36. Qxd2 d3 37. Qb2+ Qf6 38. Qxf6+ Kxf6 39. Rd1 Rc2 40. a4 d2 41. Kf1 Rc1 42. Ke2 Rxd1 43. Kxd1 Ke5 44. Kxd2 Kd4 45. f3 Kc4 46. g4 Kb4 47. g5 Kxa4 48. Kc3 a5 49. Kc4 Ka3 50. Kc3 Ka2 51. Kc2 a4 52. h3 Ka3 53. Kc3 Ka2 54. Kc2 1/2-1/2

[Event "BRA-ch Amateur U2200"]
[Site "Sao Paulo"]
[Date "2017.10.14"]
[Round "5"]
[White "Silva, Fabio Alcantara Mar"]
[Black "Sano, Rafael Angelo Nobuy"]
[Result "1-0"]
[WhiteElo "1800"]
[BlackElo "1884"]
[PlyCount "105"]
[EventDate "2017.10.12"]
[EventType "swiss"]
[EventRounds "7"]
[EventCountry "BRA"]
[SourceTitle "EXT 2019"]
[Source "ChessBase"]
[SourceDate "2018.10.10"]
[SourceVersion "1"]
[SourceVersionDate "2018.10.10"]
[SourceQuality "1"]

1. Nf3 d5 2. b3 Nf6 3. e3 Bg4 4. Bb2 Nbd7 5. d4 e6 6. Nbd2 Be7 7. Bd3 Rc8 8. c4 c6 9. Qc2 Bh5 10. h3 c5 11. 0-0 a6 12. Rac1 cxd4 13. exd4 dxc4 14. Nxc4 0-0 15. Qe2 Nd5 16. Bb1 N7f6 17. Nce5 Qa5 18. g3 Bb4 19. a3 Be7 20. Kh2 Qd8 21. Rxc8 Qxc8 22. Rc1 Qd8 23. g4 Bg6 24. Bxg6 hxg6 25. Rc4 Nf4 26. Qe3 N6d5 27. Qe4 Bd6 28. Bc1 g5 29. Bxf4 Nxf4 30. Qxb7 Qa5 31. Rc8 Bxe5 32. Rxf8+ Kxf8 33. Nxe5 Kg8 34. Qxf7+ Kh7 35. Qb7 Qc3 36. Qe4+ Kg8 37. Nf3 Qxb3 38. h4 Qb8 39. Ne5 Qf8 40. hxg5 Nd5 41. Kg3 Qxa3+ 42. f3 Qd6 43. Qg6 Qe7 44. Qh5 Qf8 45. Ng6 Qd6+ 46. Kh3 a5 47. Qh8+ Kf7 48. Ne5+ Ke7 49. Qxg7+ Ke8 50. Qf7+ Kd8 51. g6 Ne7 52. g7 Kc8 53. Qxe7 1-0

[Event "BRA-ch Amateur U2200"]
[Site "Sao Paulo"]
[Date "2017.10.13"]
[Round "3"]
[White "Silva, Fabio Alcantara Mar"]
[Black "Gobbo, Jose Arildo Jr"]
[Result "1-0"]
[WhiteElo "1800"]
[BlackElo "1846"]
[PlyCount "91"]
[EventDate "2017.10.12"]
[EventType "swiss"]
[EventRounds "7"]
[EventCountry "BRA"]
[SourceTitle "EXT 2019"]
[Source "ChessBase"]
[SourceDate "2018.10.10"]
[SourceVersion "1"]
[SourceVersionDate "2018.10.10"]
[SourceQuality "1"]

1. Nf3 Nf6 2. b3 e6 3. Bb2 d5 4. e3 Be7 5. Be2 c5 6. 0-0 0-0 7. d4 b6 8. Nbd2 Bb7 9. c4 Nbd7 10. Rc1 Re8 11. cxd5 exd5 12. Bb5 a6 13. Bxd7 Nxd7 14. Qc2 Bf6 15. Qf5 Qe7 16. Rc2 Rac8 17. Rfc1 Qe6 18. Qf4 b5 19. dxc5 Bxb2 20. Rxb2 Nxc5 21. Qd4 Qe7 22. Rbc2 Ne6 23. Qb6 Rxc2 24. Rxc2 d4 25. Nxd4 Nxd4 26. Qxd4 Qg5 27. f3 Rd8 28. Qf4 Qxf4 29. exf4 g6 30. Kf2 Kg7 31. Ne4 Bxe4 32. fxe4 f6 33. Ke3 Rd6 34. Rc7+ Kg8 35. e5 fxe5 36. fxe5 Re6 37. Ke4 h5 38. Kd5 Re8 39. e6 Kf8 40. Kd6 Rd8+ 41. Rd7 Rc8 42. e7+ Ke8 43. h4 Rb8 44. Rd8+ Rxd8+ 45. exd8Q+ Kxd8 46. b4 1-0

[Event "Sao Paulo Camara Memorial 1st"]
[Site "Sao Paulo"]
[Date "2016.03.12"]
[Round "4"]
[White "Camara, Terbio Jose"]
[Black "Silva, Fabio Alcantara Mar"]
[Result "1-0"]
[WhiteElo "2078"]
[BlackElo "1839"]
[PlyCount "87"]
[EventDate "2016.03.11"]
[EventType "swiss"]
[EventRounds "6"]
[EventCountry "BRA"]
[SourceTitle "CBM 171 Extra"]
[Source "ChessBase"]
[SourceDate "2016.04.26"]
[SourceVersion "1"]
[SourceVersionDate "2016.04.26"]
[SourceQuality "1"]

1. e4 d5 2. exd5 Nf6 3. d4 Bg4 4. Be2 Bxe2 5. Nxe2 Qxd5 6. 0-0 Nc6 7. Nbc3 Qh5 8. Nf4 Qxd1 9. Rxd1 0-0-0 10. Be3 e6 11. d5 exd5 12. Nfxd5 Nxd5 13. Nxd5 Nb4 14. Nxb4 Bxb4 15. c3 Be7 16. Bd4 f6 17. Kf1 Rhe8 18. b4 Rd7 19. Re1 Red8 20. a3 a6 21. Re6 Bf8 22. Rae1 Rd6 23. R6e4 Rd5 24. Be3 Rd1 25. Bd4 Rxe1+ 26. Kxe1 Kd7 27. Ke2 Re8 28. Kd3 Rxe4 29. Kxe4 Ke6 30. c4 b5 31. c5 Be7 32. g4 g6 33. f3 h6 34. h3 f5+ 35. Kd3 Kd5 36. Be3 Bf8 37. Bd4 h5 38. g5 Be7 39. h4 f4 40. Bg7 c6 41. Bf6 Bxf6 42. gxf6 Ke6 43. Ke4 Kf7 44. Ke5 1-0

[Event "Sao Paulo Cordioli Memorial"]
[Site "Sao Paulo"]
[Date "2015.09.07"]
[Round "6"]
[White "Silva, Fabio Alcantara Mar"]
[Black "Ishikawa, Emilio Keiji"]
[Result "1-0"]
[WhiteElo "1861"]
[BlackElo "1782"]
[PlyCount "117"]
[EventDate "2015.09.05"]
[EventType "swiss"]
[EventRounds "6"]
[EventCountry "BRA"]
[SourceTitle "EXT 2024"]
[Source "ChessBase"]
[SourceDate "2023.10.10"]
[SourceVersion "1"]
[SourceVersionDate "2023.10.10"]
[SourceQuality "1"]

1. Nf3 d5 2. b3 c5 3. Bb2 Nc6 4. e3 Nf6 5. Bb5 a6 6. Bxc6+ bxc6 7. Ne5 Qc7 8. d3 g6 9. Nd2 Bg7 10. Rb1 0-0 11. f4 Be6 12. 0-0 Rad8 13. Ndf3 h6 14. Qe1 Nh5 15. Qc3 d4 16. Qxc5 Rd5 17. Qxc6 Rc5 18. Qxc7 Rxc7 19. Nxd4 Bc8 20. Nc4 Bb7 21. Nf3 Nf6 22. Be5 Rcc8 23. Rbc1 Rfd8 24. Na5 Ba8 25. Bxf6 exf6 26. Nc4 a5 27. Nb6 Bxf3 28. gxf3 Rc6 29. Nc4 Rd5 30. e4 Rh5 31. Rfd1 Bf8 32. d4 a4 33. d5 Bc5+ 34. Kg2 Rc8 35. d6 Rd8 36. d7 Kf8 37. Rd3 Rh4 38. Na5 Bb6 39. Nc6 axb3 40. axb3 Rxf4 41. Nxd8 Bxd8 42. c4 Ke7 43. c5 Rh4 44. Kg3 Rh5 45. h3 Bc7+ 46. Kg2 Rg5+ 47. Kf2 Bg3+ 48. Ke2 Bc7 49. c6 Rg2+ 50. Kd1 Kd8 51. Rd2 Rg3 52. Ra2 Rxf3 53. Ra8+ Ke7 54. Rc8 Kd6 55. d8Q+ Bxd8 56. Rxd8+ Kc7 57. Rd7+ Kc8 58. Ke2 Rxb3 59. Ra1 1-0

[Event "Mogi das Cruzes Catropa Memorial"]
[Site "Mogi das Cruzes"]
[Date "2014.09.06"]
[Round "3"]
[White "Pereira, Thiago Henrique"]
[Black "Silva, Fabio Alcantara Mar"]
[Result "1/2-1/2"]
[WhiteElo "1829"]
[BlackElo "1883"]
[PlyCount "45"]
[EventDate "2014.09.05"]
[EventType "swiss"]
[EventRounds "6"]
[EventCountry "BRA"]
[SourceTitle "CBM 162 Extra"]
[Source "ChessBase"]
[SourceDate "2014.10.17"]
[SourceVersion "1"]
[SourceVersionDate "2014.10.17"]
[SourceQuality "1"]

1. d4 Nf6 2. c4 e5 3. dxe5 Ne4 4. Qd5 Bb4+ 5. Bd2 Nxd2 6. Nxd2 Nc6 7. Ngf3 Qe7 8. 0-0-0 Bxd2+ 9. Qxd2 Nxe5 10. Nxe5 Qxe5 11. f4 Qc5 12. e4 d6 13. e5 Bg4 14. Be2 Bxe2 15. Qxe2 0-0-0 16. exd6 Rxd6 17. Rxd6 Qxd6 18. Qg4+ Qe6 19. f5 Qf6 20. Rd1 Rd8 21. Rxd8+ Kxd8 22. h3 g6 23. fxg6 1/2-1/2

[Event "Mogi das Cruzes Catropa Memorial"]
[Site "Mogi das Cruzes"]
[Date "2014.09.06"]
[Round "4"]
[White "Silva, Fabio Alcantara Mar"]
[Black "Tamarozi, Isabelle"]
[Result "0-1"]
[WhiteElo "1883"]
[BlackElo "1830"]
[PlyCount "77"]
[EventDate "2014.09.05"]
[EventType "swiss"]
[EventRounds "6"]
[EventCountry "BRA"]
[SourceTitle "CBM 162 Extra"]
[Source "ChessBase"]
[SourceDate "2014.10.17"]
[SourceVersion "1"]
[SourceVersionDate "2014.10.17"]
[SourceQuality "1"]

1. Nf3 Nf6 2. b3 g6 3. Bb2 Bg7 4. e3 0-0 5. Be2 d6 6. d4 Nbd7 7. Nbd2 Ne8 8. Nc4 c5 9. 0-0 b5 10. Ncd2 a6 11. a4 Rb8 12. axb5 axb5 13. Ra7 d5 14. Qa1 c4 15. Ne5 Nxe5 16. dxe5 Bf5 17. Rc1 Nc7 18. Qa5 Ne6 19. g4 Be4 20. Qxd8 Rfxd8 21. f3 Bh6 22. Nf1 d4 23. fxe4 c3 24. Ba1 b4 25. Rd1 dxe3 26. Rad7 Rxd7 27. Rxd7 Nf4 28. Ng3 Ra8 29. Rd1 Ra2 30. Rc1 Bg7 31. e6 Nxe6 32. Kg2 Nd4 33. Bd3 Nxb3 34. Re1 Nxa1 35. Re2 Rb2 36. Kf3 Bd4 37. Nf1 b3 38. Nxe3 Bxe3 39. Kxe3 0-1